[Event "Poikovsky Karpov 11th"]
[Site "Poikovsky"]
[Date "2010.06.11"]
[Round "9"]
[White "Sokolov, Ivan"]
[Black "Sutovsky, Emil"]
[Result "0-1"]
[WhiteElo "2654"]
[BlackElo "2661"]
[Annotator "Krasenkow,M"]
[PlyCount "106"]
[EventDate "2010.06.02"]
[EventType "tourn"]
[EventRounds "11"]
[EventCountry "RUS"]
[EventCategory "18"]
[SourceTitle "CBM 137"]
[Source "ChessBase"]
[SourceDate "2010.07.15"]
[SourceVersion "1"]
[SourceVersionDate "2010.07.15"]
[SourceQuality "1"]

1. d4 Nf6 2. c4 g6 3. Nc3 d5 4. cxd5 Nxd5 5. e4 Nxc3 6. bxc3 Bg7 7. Bc4 c5 8.
Ne2 Nc6 9. Be3 O-O 10. O-O Bg4 11. f3 Na5 12. Bd3 cxd4 13. cxd4 Be6 14. Qa4 a6
15. d5 Bxa1 {This order of moves (yielding the d4-square to the white queen)
may look inaccurate. However, it usually leads to a mere transposition.} (15...
b5 {is usually played.}) 16. Rxa1 Bd7 (16... f6 {is an interesting alternative:
} 17. Qa3 (17. Qd4 $6 Bd7 18. h4 (18. e5 Bb5 $1) 18... e5 19. Qb4 b5 $15 {
1-0 Thomas,R (2153)-Truman,R (2032)/Sunningdale 2008/EXT 2009 (34)}) (17. Qb4
Nc6 $1 18. Qxb7 Ne5 {0-1 Colias,B (2265)-Kudrin,S (2550)/Chicago 1992/EXT 2000
(21)} 19. Nd4 $13) 17... Bd7 18. Bd2 b6 19. Nd4 Re8 20. Rf1 Qc7 21. Rc1 Qe5 $13
22. Qb4 $6 (22. Ne2) 22... Rac8 $1 23. Rxc8 Rxc8 24. Bxa6 $2 Rc4 25. Qxb6 Qxd4+
{0-1 Popov,N (2405)-Anikaev,Y (2435)/Rostov on Don 1976/MCD}) 17. Qb4 (17. Qd4
$6 f6 {is not dangerous for Black - see 16...f6}) 17... b5 {Usually this
position arises after 15...b5 16.Qb4 Bxa1 17.Rxa1 Bd7. About this line - see
Piket - Van Wely in CBM 77.} 18. Qd4 {Black has no idea ...Bd7-b5 now.} f6 (
18... Rc8 $5 19. Bh6 f6 20. Bxf8 Kxf8 21. Kf2 (21. f4 {[%cal Ye4e5]} Bg4 $132)
21... Qc7 {[%csl Rh2]} 22. Rc1 Qxh2 23. Rxc8+ Bxc8 24. Qc3 Nc4 25. Bxc4 bxc4
26. Qxc4 Bh3 $1 $132 {1/2 Piket,J (2633)-Van Wely,L (2646)/Rotterdam 2000/CBM
077/[Krasenkow] (31)}) 19. e5 (19. Bh6 $6 Re8 20. e5 fxe5 (20... Nc4 21. e6 Bc8
22. Bxc4 bxc4 23. Nf4 Qc7 24. Re1 Qa7 $17 {Micheel,A-Schulz,P/BLW-9192 1992/
1-0 (53)}) 21. Qxe5 Qb6+ 22. Be3 Qf6 23. Qc7 $5 Qxa1+ 24. Kf2 Qf6 25. Qxd7 Nc4
$19 {0-1 Delgado,I-Colias,B/USA op 1990 (32)}) 19... fxe5 20. Qxe5 Qb8 21. Qxe7
Bf5 $146 {[%mdl 8] This new move may be the simplest way for Black to obtain
sufficient counterplay.} (21... Qe8 22. Qc5 Rc8 23. Qd4 Nc4 24. Bh6 Rf7 25. Rc1
Qe7 26. Bxc4 bxc4 27. Be3 Re8 28. Kf2 Qd6 29. Ng3 $44 {1-0 Gligoric,S-Portisch,
L/San Antonio 1972 (54)}) (21... Re8 {is the main line:} 22. Qc5 Nb7 23. Qc1 (
23. Qd4 Qe5 24. Qxe5 Rxe5 25. Bf4 Ree8 26. Rd1 Nc5 27. Ng3 Nxd3 28. Rxd3 Kg7
29. Kf2 Rac8 $15 {1/2 Duben,I (1806)-Fedorko,A (1942)/IECC 2001/Telechess CBM
89 (34)}) 23... Nd6 $1 24. Ng3 (24. Nd4 $5 $13) 24... Bf5 25. Qd2 $1 (25. Bxf5
Nxf5 26. Nxf5 gxf5 27. Qd2 Qe5 28. Bd4 Qd6 29. Rd1 Rac8 30. h3 f4 31. Ba1 Rc4
32. Qb2 Qg6 $15 {0-1 Nenashev,A-Vyzmanavin,A/URS Army-ch Tashkent 1987 (47)})
25... Bxd3 26. Qxd3 Qd8 27. Bc5 $1 Nb7 $5 (27... Rc8 28. Bxd6 Qb6+ 29. Kh1 Qxd6
30. Ne4 Qf4 31. g3 Qf5 32. d6 Rcd8 33. Rd1 Qf7 34. a3 Rf8 35. Kg2 $1 $16 {
Browne,W-Kudrin,S/USA (ch) 1989/1/2-1/2 (61)}) 28. Bf2 Nd6 29. Bc5 Nb7 30. Be3
Nd6 $11 31. Rd1 $6 Rc8 32. Bf4 Qb6+ 33. Kf1 Rc4 34. Qd2 Qc5 35. Bxd6 Qxd6 36.
Ne4 Rcxe4 37. fxe4 Qxh2 $19 {0-1 Browne,W-Ernst,T/Reykjavik op 1990 (52)}) 22.
Bxf5 Rxf5 23. Qe6+ Rf7 24. Ng3 Qe8 25. Re1 $6 {An inaccuracy, after which
Black gets the upper hand.} (25. Bg5 $142 $1 $44) 25... Qxe6 26. dxe6 Re7 $1
27. Bc5 (27. Bg5 Ree8 28. e7 Nc4 29. Ne4 Kf7) 27... Ree8 28. e7 Nb7 $1 29. Ba3
a5 30. Ne4 b4 $6 {Black misses a nice pirouette:} (30... Kg7 $1 31. Bb2+ Kf7
32. Ng5+ Kg8 {keeping a material advantage and good winning chances.}) 31. Nf6+
Kf7 32. Nxe8 Rxe8 33. Bc1 Rxe7 $15 {[%mdl 4096] Black keeps an edge here, too,
due to his queenside pawn advantage.} 34. Rd1 Ke6 35. Bf4 Rd7 36. Rc1 (36. Rxd7
$6 Kxd7 {[%csl Ga5,Gb4]}) 36... Rd4 37. Be3 Rd3 38. Kf2 Nd6 39. Rc6 Kd7 40. Rc2
Rd5 41. Bd2 Nf5 42. Bc1 Nd4 43. Rc4 Nb5 44. Ke3 Rd1 45. Ke2 $2 {[%mdl 8192] A
blunder, after which Black wins at least a pawn. Of course, it was not easy to
defend.} (45. Rc5 Nc3 46. Bd2 (46. Bb2 Na4 47. Rc2 Nxb2 48. Rxb2 Kc6 $17 {_|_})
46... Nb1 47. Bc1 Kd6 48. Rc2 Nc3 $17) ({Perhaps,} 45. Bb2 Nd6 46. Rc1 {
was the best choice after all.}) 45... Rh1 {[%cal Rh1h2,Rb5c3]} 46. Bd2 Rxh2
47. Rc5 {Desperation.} (47. Kf2 {was absolutely hopeless.}) 47... Rxg2+ 48. Kd3
Na3 49. Be1 (49. Rxa5 $2 Rxd2+) 49... Rxa2 50. Rxa5 b3 51. Bc3 Nb1 52. Bb4 Rxa5
53. Bxa5 b2 0-1

[Event "EU-ch 11th"]
[Site "Rijeka"]
[Date "2010.03.11"]
[Round "6"]
[White "Dvirnyy, Danyyil"]
[Black "Sanikidze, Tornike"]
[Result "1-0"]
[WhiteElo "2450"]
[BlackElo "2566"]
[Annotator "Marin,M"]
[PlyCount "85"]
[EventDate "2010.03.06"]
[EventType "swiss"]
[EventRounds "11"]
[EventCountry "CRO"]
[SourceTitle "CBM 136"]
[Source "ChessBase"]
[SourceDate "2010.05.18"]
[SourceVersion "1"]
[SourceVersionDate "2010.05.18"]
[SourceQuality "1"]

1. d4 Nf6 2. c4 g6 3. Nc3 d5 4. cxd5 Nxd5 5. e4 Nxc3 6. bxc3 Bg7 7. Bc4 O-O 8.
Be3 c5 9. Ne2 Nc6 10. O-O Bg4 11. f3 Na5 12. Bd3 cxd4 13. cxd4 Be6 14. d5 Bxa1
15. Qxa1 f6 16. Bh6 Re8 17. Kh1 Rc8 18. Nf4 Bd7 19. e5 Nc4 20. e6 Ba4 21. Nxg6
hxg6 22. Bxg6 Ne5 23. Be4 Bc2 24. Bxc2 Rxc2 25. Qd1 Kh7 26. f4 Kxh6 27. fxe5
Qc7 28. d6 Qc4 $146 ({After} 28... Qc6 29. Qg4 fxe5 {Vaisser,A (2573)-Shomoev,
A (2483)/playchess.com INT 2004/CBM 100 ext (1/2, 39). White tried to play for
a win, but eventually had to content himself with a perpetual.}) 29. exf6 exf6
$2 {Black either forgot his analysis or simply did not have any at all. In
either case, we can suppose that he did not expect to play the Grьnfeld that
day, since Dvirnyi had always opened with 1.e4 before.} ({He should have
reduced White's attacking potential with} 29... Qe4 {, for instance} 30. Rf3
Qe2 31. Qf1 Qxf1+ 32. Rxf1 exd6 {White will win the rook back, with a non
symmetrical, but probably equal ending.}) 30. d7 $16 {With his king wide open
and the enemy pawns far advanced, Black is in trouble.} Rg8 31. Rxf6+ Kg7 32.
Rf1 Kh6 33. Rf6+ Kg7 34. Rf1 Kh6 35. e7 Rgxg2 36. Qh5+ Kxh5 37. e8=Q+ Kh6 38.
Rf6+ Kg5 39. Qe5+ Kh4 40. Rf4+ Qxf4 41. Qxf4+ Kh5 42. Qf3+ Rg4 43. Qh3+ 1-0

[Event "ISR-ch"]
[Site "Ramat Aviv"]
[Date "1998.11.23"]
[Round "5.2"]
[White "Mikhalevski, Victor"]
[Black "Liss, Eran"]
[Result "1-0"]
[WhiteElo "2540"]
[BlackElo "2505"]
[Annotator "Mikhalevski,V"]
[PlyCount "119"]
[EventDate "1998.11.08"]
[EventType "k.o."]
[EventRounds "5"]
[EventCountry "ISR"]
[SourceTitle "CBM 068"]
[Source "ChessBase"]
[SourceDate "1999.02.01"]
[SourceVersion "1"]
[SourceVersionDate "1999.02.01"]
[SourceQuality "1"]

{[%mdl 2]} 1. d4 {Ftacnik} Nf6 2. c4 g6 3. Nc3 d5 4. cxd5 Nxd5 5. e4 Nxc3 6.
bxc3 Bg7 7. Bc4 c5 8. Ne2 Nc6 9. Be3 O-O 10. O-O Bg4 11. f3 cxd4 12. cxd4 Na5
13. Bd3 Be6 14. Rc1 Bxa2 15. Qa4 Bb3 16. Qb4 b6 17. Bg5 $1 {New trend in a
line with 15...Bb3.I think this is the way to fight for an advantage.} (17. d5
{after} Qd6 $1 $15 {Yusupov-Anand/Wijk aan Zee m-2/1994/ has lost its
popularity and Kramnik came with a new idea.}) ({Timman tried} 17. Rc3 Be6 18.
Bg5 {against Hellers,but without a lot of success.}) 17... f6 18. Bh4 $1 {
The last word of theory.The idea is simple :preventing the e7-e5 advance which
was played after inexact 18.Bf4.} ({In the first game of Kramnik-Shirov match
Vladimir played} 18. Bf4 e5 19. Be3 {but after} exd4 20. Nxd4 Bf7 21. Ba6 Re8
22. Rfd1 Qe7 23. Qxe7 Rxe7 24. Nc6 Nxc6 25. Rxc6 {a draw was agreed as black
is at least not worse.}) (18. Be3 Bf7 $13 19. Ba6 Qd6 20. Qb2 Rab8 21. d5 $6 b5
$1 22. Bxb5 a6 23. Qc3 Rxb5 $17 {0-1 Ahlander,B-Hellers,F/Malmo 1994/CBM 42/
[Ernst] (31)}) 18... Bf7 $5 $146 {This retreat was recommended by Kramnik and
Dolmatov in their annotations in 72/430. Black is intending to play 19...Qd6
when his bishop is back and the e6-square is covered.} ({The fifth game of
Kramnik-Shirov match(Cazorla,98) continued} 18... Qd6 19. Qxd6 exd6 20. d5 {
[%csl Re6][%cal Ge2d4,Gd4e6] Here we can see the idea of 17.Bg5!The e6-square
is weakened and knight is ready to come there via d4.} f5 $2 (20... Ba4 {
[%cal Ga5b3] Sakaev}) (20... Rac8 $5 {Sakaev} 21. Ba6 Rc5 {Kramnik,Dolmatov})
21. exf5 gxf5 $6 (21... Bxd5 $5 22. fxg6 hxg6 23. Bxg6 Bc4 24. Kf2 d5 {Kramnik,
Dolmatov}) 22. Ng3 $1 $16 {1/2-1/2 Kramnik,V-Shirov,A/Cazorla1998/(65)}) 19.
Bg3 $1 {preventing Qd6.} (19. d5 Qd6 (19... Nb7) (19... e6 {Hecht}) 20. Qxd6
exd6 {Kramnik,Dolmatov}) (19. Ba6 Qd6) 19... e5 20. Ba6 $1 (20. d5 Nb7) 20...
b5 $5 {[%cal Gd8b6,Ga8b8] An interesting idea.Black is trying to upset the
coordination of white pieces. Ftacnik: 'Excellent idea in order to lock white
bishop out of play with a help of some simple chess magic.'} (20... Bh6 21. f4)
(20... Nb3 $5 21. Rcd1 (21. Rc4 $2 b5 $3 22. Bxb5 a6 $1 23. Qxb3 (23. Ba4 Nd2
$1) 23... axb5 24. Qxb5 $15)) 21. Bf2 $1 {[%mdl 96] Please pay your attention
to the unique manoeuvres of white bishop.} (21. Bxb5 {would help black to
solve his problems.} Rb8 (21... Qb6 $5 22. Rb1 a6 (22... exd4 23. Nxd4 Rfd8 24.
Bf2) 23. Be8 Qxb4 24. Bxf7+ Rxf7 25. Rxb4 Nc6 26. Ra4 Nxd4 27. Nxd4 exd4 28.
Rxd4 $11) (21... Nb3 $5 22. Rcd1 (22. Rc4 $6 a6 $1) 22... Qb6) 22. Ra1 Nb3 23.
Ra6 $13 (23. Rxa7 Qb6 24. Rxf7 Rxf7 25. Qxb3 Qxb5)) 21... Qb6 (21... Nb3 22.
Rcd1 $5 (22. Rc6 $5 exd4 23. Nxd4 Nxd4 24. Bxd4 Bc4 25. Rd1 $44 {[%cal Gc6d6,
Ga6b5]} Rb8 $1 26. Qe1 $5 (26. Rd6 Qc7 27. Bc5 Rf7)) 22... Qb6 23. Qxb5 (23. d5
$5 Qxa6 24. Qxb3 $44) 23... Rfb8 24. Qd3 $1 exd4 $140 25. Bc4 $1) 22. Ra1 $1 {
The idea of the previous move.Now 22...Nb3? can be met with 23.d5!} (22. Qxb5
$5) 22... Nc6 (22... Qxa6 $6 23. Rxa5 $14) 23. Qxb5 Nxd4 {An inaccuracy.} ({
Black should change queens immediately.} 23... Qxb5 $142 24. Bxb5 Nxd4 25. Nxd4
exd4 26. Bxd4 f5 $1 (26... a5) 27. Bxg7 Kxg7 28. exf5 (28. e5) 28... gxf5 29.
Ra5 $5 $14 {/=} (29. Bc6 Rac8 30. Bd7 Rc7 31. Bxf5 $2 Bc4) (29. Rfc1 $5)) 24.
Nxd4 exd4 25. Qd3 $1 {This is the reason why black should prefer 23...Q:b5.} (
25. Qxb6 axb6 26. Bxd4 Rfd8 $1 27. Bc3 f5) 25... Rad8 26. Rfb1 Qe6 $5 {[%cal
Gf6f5]} 27. Rb7 $1 $138 {Ftacnik: 'Mikhalevski manged to put his house in
order and black has to fight for equality.'} (27. Bxd4 {Ftacnik} f5 28. Rb4
fxe4 29. fxe4 Rfe8 $13) 27... f5 28. exf5 $1 {Only this way white can obtain
an advantage.} (28. Rxf7 Rxf7 29. Bc4 Qd7 30. exf5 gxf5 $13) 28... Qxf5 (28...
gxf5 $6 29. Re1 $5 Qg6 30. Ree7) 29. Qxf5 gxf5 30. Bd3 $14 {'!' Ftacnik. The
d-pawn must be blocked.} Be6 $2 $138 {[%mdl 8192] '?' Ftacnik.} (30... Rc8 $5)
({Liss} 30... Bg6 {[%cal Gf5f4]} 31. Raxa7 Bf6 32. f4 $14) (30... Ra8 {Ftacnik}
31. Raxa7 Rxa7 32. Rxa7 $14) 31. Raxa7 Rf7 (31... Bf6 32. Rxh7 (32. Bh4 $5))
32. Bxf5 $1 {'!!' Ftacnik. Ftacnik: 'Even simple positions can offer scope for
fascinating tactical blows.'} Bd5 (32... Rxb7 $4 33. Bxe6+) (32... Rxf5 33.
Rxg7+) 33. Rxf7 Bxf7 34. Bd3 $1 $16 {A good work of another bishop.Its
colleague worked at the opening.Someone has to be a substitute for it.} (34.
Bxh7+ $2 Kxh7 35. Rxf7 d3 36. Be1 d2 37. Bxd2 Rxd2 $11) 34... Bg6 $1 35. Ra3
Rc8 $1 36. Kf1 $1 Be5 $1 {[%cal Gg8f7,Gf7e6]} (36... Bf8 $6 37. Rb3 Rc3 $2 38.
Rxc3 dxc3 39. Bxg6 hxg6 40. Ke2 $18) (36... Rc3 $2 37. Rxc3 $1 (37. Ra8+ $6 Kf7
38. Ra7+ Kf8 39. Bxg6 hxg6 $44 40. Rxg7 $140 $2 Rc1+) 37... dxc3 38. Bxg6 hxg6
39. Ke2 $18) 37. h3 $6 {Now black gets counterplay as an advance f3-f4 /
\Kf1-e2-f3 has become difficult and black has enough time to bring his king to
the centre.} (37. Bg3 $5) (37. g3 $5) 37... Rb8 $1 {preventing Kf1-e2.} 38.
Bxg6 hxg6 39. Rd3 Rb4 40. h4 $1 {[%cal Gg2g3,Gf3f4,Gf1e2,Ge2f3] preparing
g2-g3,f3-f4 and Kf1-e2-f3.} (40. g3 $6 g5 $1) 40... Kf7 41. f4 $1 {[%cal Gf1e2,
Ge2f3] If f4 can be played without g2-g3 it's even better.} Bh8 (41... Rb1+ $5
42. Be1 Bf6) (41... Bxf4 $2 {loses immediately} 42. Rf3 $1 d3 43. Be1 $1 $18 {
[%cal Ge1d2] only like this} ({After} 43. Be3 $2 Rb1+ 44. Kf2 Rb2+ 45. Kf1 (45.
Ke1 Re2+) 45... Rb1+ $11 {a draw is inevitable.})) 42. Ke2 Ke6 43. Kf3 Kd5 44.
g4 $2 {This move could cost me a win in the game and the whole final match as
I had lost the first game and had to win this one at any price.} (44. Ra3 $142)
44... Rb8 $2 {Black refuses to take the gift.} (44... Rc4 $1 {[%cal Gc4c3] /
\Rc3!} 45. Be1 Rc1 $1 $11 46. Bd2 $140 Rh1) 45. Ra3 $1 Kc4 46. Ra4+ (46. Ra6 $5
) 46... Kb3 (46... Kd5 47. Ra5+ Kc4 (47... Ke6 $5) 48. Ra6 (48. Rg5 $5)) 47.
Ra6 $1 d3 $6 (47... Rg8 $5 {The only chance to escape was to keep the g6 pawn.}
) 48. Rxg6 $1 Rd8 (48... d2 49. Rd6 Kc2 50. Ke2 Bc3 51. Be3 Re8 52. h5 $18) 49.
Rb6+ $1 ({But not} 49. Be3 $2 Bd4 $1 {[%csl Gb6]}) 49... Kc2 50. Be3 $1 d2 (
50... Bd4 51. Rc6+) 51. Bxd2 Rxd2 52. g5 $18 {Thanks to the bad position of a
black king white pawns are unstopable.} Kd3 (52... Rh2 53. Kg4 Rg2+ 54. Kf5 Rh2
55. h5 $1 (55. Rh6) 55... Rxh5 56. Rh6 Rxh6 57. gxh6 Kd3 58. Ke6 Ke4 59. f5 Kf4
60. f6 Kg5 61. f7 $18) 53. h5 Bd4 54. Rd6 Rf2+ 55. Kg3 Rf1 56. h6 Rh1 57. Kg2
Rh5 58. Kf3 Rh1 59. Rd7 {[%cal Gh6h7]} Rh2 (59... Rf1+ 60. Kg4 Ke4 61. Rxd4+ $1
Kxd4 62. h7 Ke4 63. Kg3 $1 $18 (63. h8=Q $4 Rg1+ 64. Kh5 Rh1+)) 60. h7 {
[%cal Gd7d4] An interesting game which gave me a chance to prolong a fight for
a title of Israel Champion.} 1-0

[Event "Montreal Empresa-A"]
[Site "Montreal"]
[Date "2006.08.13"]
[Round "6"]
[White "Mikhalevski, Victor"]
[Black "Sutovsky, Emil"]
[Result "1/2-1/2"]
[WhiteElo "2571"]
[BlackElo "2607"]
[Annotator "Mikhalevski,V"]
[PlyCount "56"]
[EventDate "2006.08.08"]
[EventType "tourn"]
[EventRounds "9"]
[EventCountry "CAN"]
[EventCategory "15"]
[SourceTitle "CBM 114"]
[Source "ChessBase"]
[SourceDate "2006.10.02"]
[SourceVersion "1"]
[SourceVersionDate "2006.10.02"]
[SourceQuality "1"]

1. d4 Nf6 2. c4 g6 3. Nc3 d5 4. cxd5 Nxd5 5. e4 Nxc3 6. bxc3 Bg7 7. Bc4 c5 8.
Ne2 Nc6 9. Be3 O-O 10. O-O Bg4 11. f3 Na5 12. Bd3 cxd4 13. cxd4 Be6 14. d5 Bxa1
15. Qxa1 f6 16. Qd4 $5 {Van Wely's speciality. I decided to try this line as I
had to face it as Black earlier this year. See below.} Bd7 ({The main
alternative} 16... Bf7 {was tested first in Van Wely,L-Sutovsky,E, Dortmund
2005/CBM108[Krasenkow], but then the commentator himself improved upon Black's
play in the following game:} 17. Bh6 Re8 18. Bb5 e5 19. Qf2 Re7 20. f4 exf4 $1
({Sutovsky played} 20... Rc8) 21. Qxf4 Qb6+ 22. Kh1 Bxd5 $1 23. exd5 Qxb5 24.
Qxf6 Qe8 {0-1 Najer,E-Krasenkow,M, EU-Cup 21st Saint Vincent 2005/CBM110
[Krasenkow].}) 17. e5 fxe5 (17... Bf5 $2 {is bad in view of the simple} 18.
Bxf5 gxf5 19. e6 Qd6 $6 20. Ng3 Qe5 21. f4 $1 Qxd4 22. Bxd4 Nc4 23. Nxf5 Rfe8
24. Rf3 $18 {[%csl Re7,Rf6][%cal Gf3g3,Gg3g7] 1-0 Rodshtein,M-Dragicevic,D/
Stockholm SWE 2005(30). and Black's position collapced.}) 18. Qxe5 {[%cal
Ge3d4] White is ready to play Bd4 with serious threats. So Black's reply is
virtually forced.} Qb8 $1 19. Qxe7 ({In the origin game White played} 19. Qg5
$6 {which promises Black better play.} Bf5 $1 20. Rd1 ({After} 20. Bxf5 Rxf5
21. Qxe7 Qe5 $1 $19 {[%csl Re3,Re7] White can't avoid the exchange of queens.})
({or} 20. Nf4 Qd6 $15) 20... Qd6 $15 {0-1 Lombard,A-Castro Rojas,O/Biel 1976/
IZT (44)}) 19... Re8 20. Qc5 {White needs the dark-squared bishop in order to
create threats along the a1-h8 diagonal.} ({An exchange of dark-squared bishops
} 20. Qxd7 Rxe3 $11 {doesn't look like a serious attempt to play for a win.})
20... b6 21. Qc1 {[%cal Ge3d4] This seems to be the main critical position of
the line with 16...Bd7.} (21. Qd4 {allows to exchange queens.} Qe5 $1 22. Qxe5
Rxe5 23. Bf4 {and then sacrifing back an exchange Black solves all his
problems.} Rxd5 $1 24. Be4 Bc6 25. Bxd5+ Bxd5 26. Nc3 Bc6 27. Rd1 Nc4 $11 {
with full equality.}) 21... Qe5 $1 $146 {This move was based on the precise
computer analysis. Emil told me after the game that he would never went for
such a position without checking it with a computer.} ({I played computer's
suggestion} 21... Qc8 22. Qd2 Nc4 23. Bxc4 Qxc4 24. Rc1 Qh4 {1/2-1/2 Van Wely,
L-Mikhalevski,V/Ledyards USA 2006(65). which leads to a complicated position
with mutual chances, although it's easier to play it as White.}) ({Another
recent game saw quick Black's defeat after} 21... Qd6 22. Bd4 Rac8 $2 ({
Black had to play} 22... Qxd5 {, which tranposes to the text.}) 23. Qh6 $1 Qf8
24. Qh4 Bf5 25. Bxf5 Qxf5 26. Ng3 Qxd5 (26... g5 27. Nxf5 gxh4 28. Nd6 $18 {
is also hopeless.}) 27. Qf6 Re7 28. Ne4 {[%cal Ge4d6,Ge4g5]} Rcc7 ({Doesn't
save} 28... Rf8 29. Qh8+ Kf7 30. Qxh7+ Ke8 31. Qxg6+ Kd8 (31... Kd7 32. Nf6+
$18) 32. Bf6 $18) 29. Nd6 {[%cal Gf6h8] 1-0 Nielsen,P-Holzke,F/Kirchheim GER
2006/(29)}) 22. Bd4 $1 {The only chance to fight for an advantage is to
sacrifice the d5-pawn.} (22. Be4 Rac8 23. Qd1 Nc4 24. Bd4 Qg5 {is fine for
Black.}) 22... Qxd5 23. Qh6 (23. Be4 {is sufficient only for equality.} Rxe4 ({
But not} 23... Qxa2 $2 24. Qh6 Qf7 25. Nf4 $1 {[%cal Ge4d5]} Rxe4 26. fxe4 Rf8
27. Rf2 $1 $18 {[%cal Gf4g6]}) 24. fxe4 Qxe4 25. Qh6 (25. Ba1 $6 {[%cal Gc1c3]
turns out to be too slow.} Nc4 $1 {[%cal Ge4e3]} 26. Rf2 {[%cal Gc1c3]} Re8 $1
27. Qh6 (27. Qc3 Ne5 28. h3 Bb5 29. Ng3 Qe1+ $1 30. Qxe1 Nf3+ $17) 27... Ne5)
25... Qe7 26. Bf6 Qf8 27. Qd2 (27. Qh4 Re8) 27... Qc5+ 28. Kh1 Bc6 29. Qh6 Qf8
30. Qg5 Qc5 31. Qh6 $11) 23... Qf7 24. Nf4 {[%cal Gd3g6] The most agressive.} (
{Once again} 24. Ba1 {is too slow.} Bf5 (24... Qf8 25. Qd2 $44 {[%cal Gd2c3,
Gd2b2]}) 25. Be4 (25. Bxf5 Rxe2 $1 26. Bd3 Rxa2 {and having the option Rxa1
Black is at least not worse.}) 25... Qf8 $1 (25... Rad8 26. Ng3 $36) 26. Qxf8+
(26. Qh4 $2 Bxe4 27. fxe4 Qe7 28. Qh6 Rf8 $17) 26... Kxf8 27. Bxa8 Rxe2 28. Rf2
Re1+ 29. Rf1 Re2 $11) 24... Qf8 $1 (24... Bf5 $2 {looks dangerous.} 25. Nd5 $5
Re6 26. Bxf5 gxf5 27. Nf6+ Rxf6 28. Bxf6 Qg6 29. Qh4 $16) 25. Qh4 $1 (25. Qg5 {
is at least not better than the move in text.} Qe7 ({Black's play for a win by
means of} 25... Bf5 {is also not justified.} 26. Nd5 (26. Be4 $5 {is
interesting.}) 26... Bxd3 27. Nf6+ Kf7 28. Nxe8 Rxe8 (28... Bxf1 $2 29. Qd5+ $1
Kxe8 30. Qxa8+ Kf7 31. Qxa7+ $16) 29. Qf6+ Kg8 30. Qh8+ Kf7 31. Qf6+ $11 (31.
Qxh7+ $5 Ke6 32. Re1+ Kd6 33. Rd1 Re7 34. Qh4 Qf5 35. Qf6+ Qxf6 36. Bxf6 Re2
37. Rxd3+ Ke6 38. Bh8 Rxa2 $13)) 26. Qh6 $11) 25... Qe7 $1 (25... Bf5 $2 {
loses to} 26. Nh5 $1 {[%cal Gh5f6]} Re6 (26... gxh5 27. Qg5+ Bg6 28. Bxg6 Qe7
29. Bxh7+ $1 Kxh7 30. Qxh5+ Kg8 31. Qh8+ Kf7 32. Qg7+ Ke6 33. Re1+ $18 {
[%csl Re7]}) 27. Bxf5 Qxf5 (27... gxf5 28. Qg3+ $1 Kf7 (28... Rg6 29. Qe5 $1
$18) 29. Qg5 $1 {[%cal Gg5f5]} Rae8 30. Nf6 $1 Nc6 31. Nxh7 Qg8 32. Qxf5+ Ke7
33. Nf6 Qf7 34. Bb2 $18) 28. Ng7 $1 {The point of 26.Nh5! comparing to 26.Nd5.}
Qf7 29. Nxe6 Qxe6 30. Re1 $18 {[%cal Ge1e7]}) 26. Qh6 $1 {[%cal Gf4g6]} ({
After the optimistic} 26. Bf6 Qc5+ 27. Kh1 Bf5 {White would have to find} 28.
Nxg6 $1 Bxd3 29. Nh8 $3 {[%csl Gf7][%cal Gh4g4]} Qc7 (29... Rf8 30. Qg4+ Bg6
31. Qe6+ Rf7 32. Nxf7 Bxf7 33. Qg4+ Bg6 $8 34. Qe6+ Kf8 (34... Bf7 $11) 35. Be5
Qc6 36. Bd6+ Kg7 37. Be5+ Kf8 $11) 30. Qg5+ Kf8 31. Qh6+ Kg8 32. Qg5+ $11)
26... Qf8 27. Qh4 Qe7 28. Qh6 Qf8 {Neither of sides can avoid the repetition
and so a draw was agreed. After this game it seems that Sutovsky's 21...Qe5
fully equalizes.} 1/2-1/2